000 00473nam a2200193Ia 4500
003 OSt
005 20230321112809.0
008 210210b1925 xxu||||| |||| 00| 0 eng d
040 _cAL
041 _aeng
082 _a538/30
100 _aHOUSTOUN (R A)
_976718
245 _aIntroduction to mathematical physics
260 _aLondon
_bLongman Green & Co Ltd.,
_c1925
300 _a194
690 _aMathematical Physics
_976719
906 _a008978
942 _2ddc
_cBK
999 _c126906
_d126906